Saveurs Sirop Monin - Statistiques

Statistiques générales
  • Ce quiz a été pris 51 fois
  • Le résultat moyen est 46 sur 66
Statistiques - réponses
Par images Réponse % Correct
Banane
98%
Cerise
98%
Ananas
95%
Orange
95%
Abricot
93%
peche
93%
caramel
90%
Fraise
90%
Framboise
90%
kiwi
90%
Citrouille
88%
fruit de la passion
88%
Mangue
88%
Menthe
88%
miel
88%
Pasteque
88%
poire
88%
pop corn
88%
Vanille
88%
Café
85%
cookie
85%
macaron
85%
Melon
85%
pistache
85%
rose
85%
thé matcha
85%
chocolat
83%
gingembre
83%
Lavande
83%
Litchi
83%
Pamplemousse
83%
pomme verte
83%
Coca
80%
concombre
80%
tiramisu
80%
barbe a papa
78%
Grenade
78%
Mandarine
78%
Myrtille
78%
Basilic
73%
creme brulée
73%
Mures
73%
noix de coco
73%
amaretto
68%
Noisettes
68%
bubble gum
66%
Citron vert
66%
Anis
61%
Citron jaune
61%
violette
61%
brownie
59%
Mirabelle
54%
Spritz
54%
chataigne
51%
rhum
49%
Orgeat
37%
Cassis
32%
Cranberry
32%
pain d'épice
32%
Banane verte
27%
Orange sanguine
27%
speculoos
15%
Bergamote
12%
Epices d'hiver
5%
Gomme
5%
Roulé à la canelle
5%
Aucun quiz correspondant
Distribution des résultats
% des personnes avec chaque résultat
Percentile par nombre de réponses
Votre historique - résultats
Vous n’avez pas pris ce quiz